| 000 | 00680nam a22001937a 4500 | ||
|---|---|---|---|
| 003 | 0 | ||
| 005 | 20250830135104.0 | ||
| 008 | 250830b xxu||||| |||| 00| 0 eng d | ||
| 020 | _a978-1-032-75618-9 | ||
| 050 |
_aLB 1139.25 _b.G37 2025 |
||
| 100 |
_aGary, Dia, _eauthor. |
||
| 245 |
_aFundamentals of early childhood assessment : _bdata, documentation, and delivery / _cDia Gary. |
||
| 260 |
_aNew York, NY : _bRoutledge, _c2025. |
||
| 300 |
_a133 pages ; _c23 cm. |
||
| 504 | _aIncludes bibliographical references and index. | ||
| 650 |
_aEarly childhood education _zUnited States _xEvaluation. |
||
| 650 |
_aEducational tests and measurements _zUnited States. |
||
| 942 |
_2lcc _cBK |
||
| 999 |
_c367721 _d367721 |
||